Superbohaterowie DC - nagła śmierć - Statystyki

Ogólne statystyki
  • Ten quiz został rozwiązany 154 razy
    108 od ostatniego zresetowania
  • Średni wynik to 6 z 16
Answers on the Grid
Answers color-coded by a green-red scale on the quiz's grid according to % correct below.
Batman
Pingwin
Bane
Joker
Superman
Flash
Clayface
Wally West
Dwie Twarze
Zielona Latarnia
Cyborg
Człowiek Zagadka
Marsjanin Łowca
Darkseid
Wonder Woman
Harley Quinn
Deathstroke
Bestia (Beast Boy)
Kobieta Kot
Green Arrow
Plastic Man
Ultraman
Strach Na Wróble
Negative Man
Man-Bat
Jason Todd
Mr. Freeze
Błękitny Skarabeusz
Czarna Manta
Lex Luthor
 
Statystyki odpowiedzi
Odpowiedź % Poprawnych
Batman
56%
Flash
53%
Wonder Woman
53%
Cyborg
47%
Kobieta Kot
41%
Superman
41%
Green Arrow
39%
Zielona Latarnia
39%
Jason Todd
36%
Marsjanin Łowca
36%
Bestia (Beast Boy)
32%
Błękitny Skarabeusz
32%
Plastic Man
32%
Wally West
29%
Harley Quinn
22%
Negative Man
20%
Nie znaleziono quizów pasujących do podanych kryteriów
Rozkład punktacji
Procent ludzi z każdym wynikiem
Percentyl według liczby udzielonych odpowiedzi
Twoja historia wyników
Nie rozwiązałeś tego quizu od ostatniego zresetowania